Theory and Problems of Differential and Integral Calculus /
Saved in:
| Main Author: | |
|---|---|
| Format: | Book (Paper) |
| Language: | English |
| Published: |
New York :
McGraw-Hill,
1964
|
| Tags: |
Add Tag
No Tags, Be the first to tag this record!
|
| Institutions: | Thư viện Trường Đại học Đà Lạt |
|---|
| LEADER | 00545nam a2200229 4500 | ||
|---|---|---|---|
| 001 | DLU020000226 | ||
| 005 | ##11/10/1998 | ||
| 041 | # | # | |a eng |
| 082 | # | # | |a 515 |b AY-F |
| 100 | # | # | |a Ayres, Frank |
| 245 | # | # | |a Theory and Problems of Differential and Integral Calculus / |c Frank Ayres |
| 260 | # | # | |a New York : |b McGraw-Hill, |c 1964 |
| 300 | # | # | |a 345 tr.; |c 27 cm. |
| 992 | # | # | |a 7000 |
| 994 | # | # | |a DLU |
| 900 | # | # | |a False |
| 911 | # | # | |a Administrator |
| 925 | # | # | |a G |
| 926 | # | # | |a A |
| 927 | # | # | |a SH |
| 980 | # | # | |a Thư viện Trường Đại học Đà Lạt |